Planètes du Système Solaire - Choix Multiples - Statistiques

Statistiques générales
  • Ce quiz a été pris 19 768 fois
  • Le résultat moyen est 8 sur 15
Statistiques - réponses
Question Réponse % Correct
Quelle planète est la plus proche du Soleil ? Mercure
91%
Quelle est la plus grande planète du Système Solaire ? Jupiter
87%
Laquelle de ces photos représente Jupiter ?
82%
Quelle est la plus petite planète du Système Solaire ? Mercure
79%
Quelle planète est la plus éloignée du Soleil ? Neptune
70%
Quelle planète est également connue sous le nom d'Étoile du Berger ? Vénus
64%
Sur quelle planète peut-on apercevoir la Grande Tache rouge ? Jupiter
60%
Laquelle de ces planètes est visible à l'œil nu depuis la Terre ? Toutes les réponses précédentes
47%
Quelle planète a exactement 2 satellites naturels ? Mars
44%
Quelle planète a la température de surface moyenne la plus élevée ? Vénus
42%
Autour de quelle planète orbite le satellite Titan ? Saturne
40%
Quelle planète se déplace le plus vite dans le ciel en moyenne, vu depuis la Terre ? Mercure
38%
Quelle planète a le diamètre le plus proche de celui de la Terre ? Vénus
38%
Quelle planète a été découverte par William Herschel en 1781 ? Uranus
37%
Quelle planète est la plus proche de la Terre ? Différentes planètes à différents moments
15%
Aucun quiz correspondant
Distribution des résultats
% des personnes avec chaque résultat
Percentile par nombre de réponses
Votre historique - résultats
Vous n’avez pas pris ce quiz